Logo biblioteca
Santa Fe 2917, Rosario, Santa Fe
Lu-Vi 8 a 19.45
+54-341-4232362
bibliotecaeudoro@gmail.com
Facebook Biblioteca Pedagógica
Sitio web

Compartiendo lecturas del papel al ciberespacio. (Registro nro. 32709)

Detalles MARC
000 -CABECERA
campo fijo de control de longitud 01405nab a2200277 4500
003 - IDENTIFICADOR DEL NÚMERO DE CONTROL
campo de control AR-RoBPED
005 - FECHA Y HORADE LA ULTIMA TRANSACCION
campo de control 20260506101353.0
008 - ELEMENTOS DE LONGITUD FIJA--INFORMACION GENERAL
campo fijo de control de longitud 260506b |||||||| |||| 00| 0 spa d
040 ## - FUENTE CATALOGADORA
Centro catalogador/agencia de origen AR-RoBPED
041 ## - IDIOMA
Código de idioma para texto/pista de sonido o título independiente spa
100 1# - ENCABEZAMIENTO PRINCIPAL--AUTOR PERSONAL
Nombre de persona Sacks, Margarita
9 (RLIN) 25152
Función Magíster en Promoción de la Lectura y Literatura Infantil y profesora para la Enseñanza Primaria
245 1# - TITULO
Título Compartiendo lecturas del papel al ciberespacio.
Subtítulo Voces en la formación docente inicial /
260 ## - PUBLICACION
Lugar Buenos Aires :
Editor Noveduc,
Fecha 2023
300 ## - DESCRIPCION FISICA
Extensión 4-7 p.
500 ## - NOTA GENERAL
Nota general Se narra una experiencia en la cual a lo largo de cuatro años las trayectorias de las estudiantes se entrelazan con sus biografías lectoras. Las intervenciones de la docente formadora resultan vitales para que las futuras maestras logren un encuentro placentero con los libros y puedan, así, transmitir el gusto por la lectura a las nuevas generaciones.
650 #7 - TERMINO DE MATERIA--CONTROLADO
Término controlado PRACTICA DOCENTE
9 (RLIN) 1148
Término controlado TRAYECTORIAS EDUCATIVAS
9 (RLIN) 28187
Término controlado PROMOCION DE LA LECTURA
9 (RLIN) 4196
Término controlado LECTURA
9 (RLIN) 160
Término controlado NIVEL INICIAL
9 (RLIN) 1213
Término controlado EXPERIENCIAS EDUCACIONALES
9 (RLIN) 18339
Término controlado FORMACION DE DOCENTES
9 (RLIN) 1259
773 0# - DOCUMENTO FUENTE
Host Biblionumber 20414
Host Itemnumber 41865
Place, publisher, and date of publication Buenos Aires : Noveduc, 1993-
Título Novedades Educativas
Record control number (AR-RoBPED)20414
International Standard Serial Number 03283534
942 ## - ELEMENTOS KOHA
Fuente de clasificación Universal Decimal Classification
Koha tipo de ítem Revistas
Clasificación 37(05)
Signatura librística Nov 86 N° 390 (Sept.2023)
Número Koha k.32709
945 ## - PROCESAMIENTO DE LA INFORMACIÓN LOCAL
Catalogador y fecha mar 05/2026

No hay ítems disponibles.